00831nam a2200241Ia 4500001000600000003000900006008004100015040001300056040001300069041001300082100001600095100002900111245006400140245004900204250001100253260001700264260001800281260004900299300005900348500010800407650004300515650003100558 5120IT-RoPAU130308s9999 xx 000 0 und d aIT-RoPAU cIT-RoPAU aSPAGNOLO aEco Umberto gCodice Aut. SPICS: 7017 aPara una indagacion semiologica sobre el mensaje televisivo bEfectos de Las comunicaciones de masas (Los) a1a ed. aBUENOS AIRES bAlvarez Jorge c1969 [1° Ed.:1969 - Ed.Ling.Originale:1966] a"21 p. (prefazione: no ; testo: 21 [pagine: 123-143])" aPer una Indagine semiologica Sul Messaggio Televisivo Codice Linguistico Sonoro Struttura del Messaggio aSOCIOLOGIA DELLA COMUNICAZIONE SOCIALE eCodice materia Spics: 3806